| 000 | 01284nam a2200337 a 4500 | ||
|---|---|---|---|
| 001 | ebr10498875 | ||
| 003 | CaPaEBR | ||
| 006 | m u | ||
| 007 | cr cn||||||||| | ||
| 008 | 110330s2011 nyua s 000 0beng d | ||
| 010 | _z 2011560804 | ||
| 020 | _z1932714979 | ||
| 020 | _z9781932714975 | ||
| 020 | _z9781611210637 (e-book) | ||
| 040 |
_aCaPaEBR _cCaPaEBR |
||
| 035 | _a(OCoLC)759859056 | ||
| 043 | _an-us--- | ||
| 050 | 1 | 4 |
_aML420.H595 _bM66 2011eb |
| 082 | 0 | 4 |
_a782.42166092 _aB _223 |
| 100 | 1 |
_aMoore, Gary W. _q(Gary Warren), _d1954- |
|
| 245 | 1 | 0 |
_aHey Buddy _h[electronic resource] : _bin pursuit of Buddy Holly, my new buddy John, and my lost decade of music / _cGary W. Moore. |
| 250 | _a1st ed. | ||
| 260 |
_aNew York : _bSavas Beatie, _cc2011. |
||
| 300 |
_axviii, 219 p. : _bill. |
||
| 533 |
_aElectronic reproduction. _bPalo Alto, Calif. : _cebrary, _d2011. _nAvailable via World Wide Web. _nAccess may be limited to ebrary affiliated libraries. |
||
| 600 | 1 | 0 |
_aHolly, Buddy, _d1936-1959. |
| 650 | 0 |
_aRock musicians _zUnited States _vBiography. |
|
| 655 | 7 |
_aElectronic books. _2local |
|
| 710 | 2 | _aebrary, Inc. | |
| 856 | 4 | 0 |
_uhttp://site.ebrary.com/lib/rucke/Doc?id=10498875 _zAn electronic book accessible through the World Wide Web; click to view |
| 999 |
_c242662 _d242662 |
||